000 00994nam a2200277Ia 4500
008 130821s1996 ck gr spa
020 _a9586005127
040 _aCo-BoUCM
_bspa
041 0 0 _aspa
245 1 0 _aNegociación 2000 la colección de conflict management
_ccompilación Danny Ertel ; traducción : Gloria Rosas Lopetegui.
260 _aBogotá (Cundinamarca, Colombia)
_bMcGraw-Hill
_c1996
300 _a376 páginas
490 0 _aColección de Conflict Management
504 _aIncluye índice.
650 0 4 _aAdministración de empresas
_9435
650 0 4 _aConflictos laborales
_911590
650 0 4 _aConflictos políticos
_911591
650 0 4 _aNegociación
_920157
650 0 4 _aNegociaciones internacionales
_920167
650 0 4 _aSociología
_9386
650 0 4 _aSolución de conflictos
_924842
700 1 _aErtel, Danny
_ecomp.
700 1 _aRosas Lopotegui, Gloria
_etrad.
942 _cLIBRO
_a16
_e1
_mN384n
_2DEWEY
_h658.403
999 _c29775
_d29775